000 00896nam a22002297a 4500
001 8589
003 FISKH
005 20251002102140.0
008 251002b cb ||||| |||| 00| 0 eng d
020 _a9780755473571
040 _aFISKH
_beng
_cFISKH
_dFISKH
082 _a516
100 _aAnonymous
245 _aShape :
_bA learning train book /
260 _aUnited Kindom ;
_bSandcastle Books,
_c2007.
300 _a20 unnumbered pages :
_bcolor illustrations ;
_c20 cm
505 _aNP
520 _aA Learning Train Book by Flowerpot Press introduces young children to basic geometric shapes through bright illustrations and simple text. Each page encourages children to identify and name circles, squares, triangles, and more, building early math and recognition skills in a fun and engaging way.
650 _aGeometry
_vShapes
_xMath
942 _2ddc
_cBK
_n0
999 _c8589
_d8589